00579nam a2200181Ia 450000500170000000800410001704000190005804100120007708200180008924500890010726000330019630000100022950400500023965000600028965100150034970000230036485000100038720221103114714.0131103s9999 xx 000 0 und d aLoreto College aEnglish a131.3462bLEE aFreud and psychologyb selected readings cedited by S. G. M. Lee and Martin Herbert aHarmondsworthbPenguinc1970 a398p  aIncludes bibliographical references and index aSegmund, Freud,1956-1939 - Criticism and Interpretation aPsychology aLee, S. G. M., ed. aLCLIB